Linear Algebra : Key Ideas and Methods for a First Course /
Contiene: 1) Sistemas de ecuaciones lineales; 2) Transformaciones lineales; 3) Algebra matricial; 4) Determinantes; 5) Valores propios y vectores propios; 6) Ortogonalidad.
Guardado en:
| Autor principal: | |
|---|---|
| Formato: | Libro |
| Idioma: | Inglés |
| Publicado: |
Cham, Suiza :
Springer,
2025, c2025
|
| Colección: | (Synthesis Lectures on Mathematics and Statistics)
|
| Temas: | |
| Acceso en línea: | Ver documento en línea |
| Etiquetas: |
Sin etiquetas, Sé el primero en etiquetar este registro!
|
MARC
| LEADER | 00000nam^a2200000^a^4500 | ||
|---|---|---|---|
| 001 | 000631223 | ||
| 005 | 20260415164953.0 | ||
| 009 | 20260415195743.237 | ||
| 020 | |a 978-3-031-84647-2 | ||
| 037 | |a Acervo ITESO - Biblioteca | ||
| 041 | |a ING | ||
| 082 | |a 512. 5 |b TIA | ||
| 100 | |a Tian, Haiyan |e (autor) | ||
| 245 | 1 | 0 | |a Linear Algebra : |b Key Ideas and Methods for a First Course / |c H. Tian. |
| 264 | 4 | |a Cham, Suiza : |b Springer, |c 2025, c2025 | |
| 264 | 2 | |a Cham, Suiza : |b Springer Link [distribución], |c 2026, c2026 | |
| 300 | |a 1 libro electrónico en línea (X, 148 p.) | ||
| 300 | |a 1 recurso en línea | ||
| 336 | |a datos para computadora |b cod |2 rdacontenido | ||
| 337 | |a computadora |b c |2 rdamedio | ||
| 338 | |a recurso en línea |b cr |2 rdasoporte | ||
| 440 | 1 | |a (Synthesis Lectures on Mathematics and Statistics) | |
| 506 | 0 | |a Licencias ilimitadas | |
| 520 | |a Contiene: 1) Sistemas de ecuaciones lineales; 2) Transformaciones lineales; 3) Algebra matricial; 4) Determinantes; 5) Valores propios y vectores propios; 6) Ortogonalidad. | ||
| 521 | |a 2025 BO Licenciatura en Ingeniería en Nanotecnología | ||
| 649 | |a XX | ||
| 650 | |a Valores Propios (Matemáticas) | ||
| 650 | |a Determinantes (Matemáticas) | ||
| 650 | |a Matrices (Matemáticas) | ||
| 650 | |a Operadores Lineales | ||
| 650 | |a Algebra Lineal - |x Tema Principal | ||
| 650 | |a Algebra Universal | ||
| 856 | 4 | 0 | |u https://link-springer-com.ezproxy.iteso.mx/10.1007/978-3-031-84647-2 |y Ver documento en línea |
| 910 | |a Fondo General | ||
| 920 | |a Electrónicos - Libros en Línea | ||
| 930 | |a Plataforma Digital | ||
| 905 | |a 205 | ||
| 902 | |a https://opac.biblio.iteso.mx/vufind/Record/000631223 | ||